000 00868nam a22002057a 4500
999 _c18922
_d18922
003 AR-CdUCM
008 190515b ||||| |||| 00| 0 spa d
040 _aMUNICIPALIDAD PROVINCIAL DEL CUSCO
_cBIBLIOTECA MUNICIPAL DEL CUSCO
082 _a621.38 /
_bS97
100 _aSchreiber, Henri
_939842
245 _aAmpliación y conmutación :
_bTrazado, interpretación y empleo de las características de componentes discretos e integrados /
260 _aBarcelona :
_bMarcombo, Boixareu,
_c1976.
300 _a358 paginas ;
505 _aContenido :Diodos de rectificación y de conmutación --Elementos amplificadores --Elementos complejos de amplificación y circuitos integrados analógicos ...
650 _aAmplificación
_939843
650 _aElectrónica
_920355
650 _aCircuitos integrados
_919357
942 _2ddc
_cLIBROS
945 _arjall
_d2019-05-15